00337cam a22000977a 4500008004000000082001300040245009900053260004600152300000900198700003200207180718b1952 xxu||||| |||| 00| 0 eng d aD78 In78 aThe International Labour Organisation and technical assistancecby International Labour Office aGenevabInternational Labour Officec1952 a28p. aInternational Labour Office